<?xml version="1.0" encoding="UTF-8"?>
<collection xmlns="http://www.loc.gov/MARC21/slim">
 <record>
  <leader>01447nam a2200337   4500</leader>
  <controlfield tag="001">000017059</controlfield>
  <controlfield tag="003">13470</controlfield>
  <controlfield tag="005">20130228080214.0</controlfield>
  <controlfield tag="008">130228s2012                        viesd</controlfield>
  <datafield tag="041" ind1=" " ind2=" ">
   <subfield code="a">vie</subfield>
  </datafield>
  <datafield tag="082" ind1="1" ind2="4">
   <subfield code="a">518.63</subfield>
   <subfield code="b">NG-Đ</subfield>
  </datafield>
  <datafield tag="100" ind1="1" ind2=" ">
   <subfield code="a">Nguyễn Văn Đức</subfield>
  </datafield>
  <datafield tag="245" ind1="1" ind2="1">
   <subfield code="a">Kết hợp phương pháp Runge - Kutta với phương pháp Adams-Moulton để giải phương trình vi phân</subfield>
   <subfield code="c">Nguyễn Văn Đức ; hướng dẫn Nguyễn Hoàng Thành</subfield>
   <subfield code="k">Báo cáo khoa học</subfield>
  </datafield>
  <datafield tag="260" ind1=" " ind2=" ">
   <subfield code="a">Đà Nẵng</subfield>
   <subfield code="b">Trường Đại học Sư phạm</subfield>
   <subfield code="c">2012</subfield>
  </datafield>
  <datafield tag="300" ind1=" " ind2=" ">
   <subfield code="a">5 tr.</subfield>
   <subfield code="c">29 cm.</subfield>
  </datafield>
  <datafield tag="500" ind1=" " ind2=" ">
   <subfield code="a">Công trình tham gia hội nghị sinh viên nghiên cứu khoa học Trường Đại học Sư phạm năm 2012. Khoa Toán</subfield>
  </datafield>
  <datafield tag="650" ind1="0" ind2="4">
   <subfield code="a">phương trình vi phân</subfield>
   <subfield code="v">Báo cáo khoa học</subfield>
   <subfield code="x">giải toán</subfield>
   <subfield code="z">Đà Nẵng</subfield>
  </datafield>
  <datafield tag="653" ind1=" " ind2=" ">
   <subfield code="a">Nghiên cứu khoa học</subfield>
  </datafield>
  <datafield tag="653" ind1=" " ind2=" ">
   <subfield code="a">phương trình vi phân</subfield>
  </datafield>
  <datafield tag="700" ind1="1" ind2=" ">
   <subfield code="a">Nguyễn Hoàng Thành</subfield>
   <subfield code="e">hướng dẫn</subfield>
  </datafield>
  <datafield tag="OWN" ind1=" " ind2=" ">
   <subfield code="a">LSP</subfield>
  </datafield>
  <datafield tag="AVA" ind1=" " ind2=" ">
   <subfield code="a">UDN50</subfield>
   <subfield code="b">LSP</subfield>
   <subfield code="d">518.63 NG-Đ</subfield>
   <subfield code="e">available</subfield>
   <subfield code="t">Error 5001 Not defined in file expand_doc_bib_avail.</subfield>
   <subfield code="f">1</subfield>
   <subfield code="g">0</subfield>
   <subfield code="h">N</subfield>
   <subfield code="i">0</subfield>
   <subfield code="k">1</subfield>
  </datafield>
  <datafield tag="999" ind1=" " ind2=" ">
   <subfield code="a">From the UDN01</subfield>
  </datafield>
  <datafield tag="AVA" ind1=" " ind2=" ">
   <subfield code="a">UDN50</subfield>
   <subfield code="b">LSP</subfield>
   <subfield code="d">518.63 NG-Đ</subfield>
   <subfield code="e">available</subfield>
   <subfield code="t">Error 5001 Not defined in file expand_doc_bib_avail.</subfield>
   <subfield code="f">1</subfield>
   <subfield code="g">0</subfield>
   <subfield code="h">N</subfield>
   <subfield code="i">0</subfield>
   <subfield code="k">1</subfield>
  </datafield>
  <datafield tag="TYP" ind1=" " ind2=" ">
   <subfield code="a">Mixed Materials</subfield>
  </datafield>
  <datafield tag="TYP" ind1=" " ind2=" ">
   <subfield code="a">Monograph</subfield>
  </datafield>
  <datafield tag="TYP" ind1=" " ind2=" ">
   <subfield code="a">Printed language</subfield>
  </datafield>
  <datafield tag="980" ind1=" " ind2=" ">
   <subfield code="a">Mạng thư viện Đại học Đà Nẵng</subfield>
  </datafield>
 </record>
</collection>
